Normal view
MARC view
Entry Personal Name
001 - CONTROL NUMBER
- control field: 263215
003 - CONTROL NUMBER IDENTIFIER
- control field: OSt
005 - DATE AND TIME OF LATEST TRANSACTION
- control field: 20260502102057.0
008 - FIXED-LENGTH DATA ELEMENTS
- fixed length control field: 260502|| aca||aabn | a|a d
040 ## - CATALOGING SOURCE
- Original cataloging agency: OSt
- Transcribing agency: OSt
100 ## - HEADING--PERSONAL NAME
- Personal name: Sunitha Srinivas C
670 ## - SOURCE DATA FOUND
- Source citation: Work cat.: (OSt)159340: Sunitha Srinivas C, Functionalism and Indian english fiction: from cradle to grave, 2010